Historia de la Iglesia
-д хадгалсан:
| Үндсэн зохиолч: | |
|---|---|
| Формат: | Ном |
| Хэл сонгох: | испани |
| Хэвлэсэн: |
Barcelona
Herder
1981
|
| Цуврал: | Biblioteca Herder. Sección de Historia, 41
|
| Нөхцлүүд: | |
| Шошгууд: |
Шошго нэмэх
Шошго байхгүй, Энэхүү баримтыг шошголох эхний хүн болох!
|
MARC
| LEADER | 00000cam a2200000 a 4500 | ||
|---|---|---|---|
| 001 | UCL4215 | ||
| 003 | CL-VaPUC | ||
| 008 | 040109e19810000SP |||||||||||||||||spa|d | ||
| 020 | |a 84925402042 | ||
| 082 | 0 | 4 | |a 270 |b HER |2 21 |
| 100 | |a Hertling, Ludwig |e author |9 594164 | ||
| 245 | 1 | 0 | |a Historia de la Iglesia |
| 300 | |a 582 p | ||
| 942 | |c BK | ||
| 945 | |d 20040109 00:00:00 |a vberengu | ||
| 260 | |a Barcelona |b Herder |c 1981 | ||
| 650 | 7 | |a IGLESIA HISTORIA |2 CL-VaPUC |9 258372 | |
| 650 | 0 | |a Patrística |9 322007 | |
| 583 | |a last modification |c 20170905 11:39:02 |k Rodrigo Vera | ||
| 490 | 0 | |a Biblioteca Herder. Sección de Historia, 41 | |
| 999 | |c 307097 |d 307095 | ||
| 952 | |0 0 |1 0 |4 0 |6 270_000000000000000_HER_1981 |7 0 |8 A |9 372598 |a BIBTEO |b BIBTEO |d 2019-11-21 |i 2098997 |o 270 HER 1981 |p 2098997 |r 2025-01-17 |w 2019-11-21 |y BK |k ICR | ||
| 952 | |0 0 |1 0 |4 0 |6 270_000000000000000_HER_1981 |7 0 |8 A |9 372599 |a BIBTEO |b BIBTEO |d 2019-11-21 |i 2099004 |o 270 HER 1981 |p 2099004 |r 2025-01-17 |w 2019-11-21 |y BK |k ICR | ||
| 952 | |0 0 |1 0 |4 0 |6 270_000000000000000_HER_1981 |7 0 |8 A |9 372600 |a BIBTEO |b BIBTEO |d 2019-11-21 |i 2099012 |o 270 HER 1981 |p 2099012 |r 2025-01-17 |w 2019-11-21 |y BK |k ICR | ||
| 952 | |0 0 |1 0 |3 erb |4 0 |6 270_000000000000000_HER_1981 |7 0 |8 A |9 372601 |a BIBTEO |b BIBTEO |i 5422493 |l 2 |o 270 HER 1981 |p 5422493 |r 2025-01-17 |s 2022-11-28 |w 2019-11-21 |y BK |z Catalogado en:20170908 |k ICR | ||